| 000 | 00902nam a2200325Ia 4500 | ||
|---|---|---|---|
| 003 | OSt | ||
| 005 | 20221007122702.0 | ||
| 006 | a|||||r|||| 00| 0 | ||
| 007 | ta | ||
| 008 | 221006b |||||||| |||| 00| 0 eng d | ||
| 020 | _a9780470026793 (pbk) | ||
| 024 | _a161837 | ||
| 037 | _cTextual | ||
| 040 |
_aPAPL _cPAPL _beng |
||
| 041 |
_2eng _aeng |
||
| 082 | _aCN1, P1;P9;3 Carpa | ||
| 100 | _aZettili Nouredine | ||
| 245 | 0 | _aQuantum mechanics concepts and applications | |
| 250 | _a2 | ||
| 260 |
_aWest _bSussex John wiley _c2009 |
||
| 300 |
_axvi;671p. _ccm. |
||
| 500 | _aIndex 665-671p. | ||
| 650 |
_a Angular momentum _9714903 |
||
| 650 | _a Quantum mechanics | ||
| 650 |
_a Rotations _9714904 |
||
| 650 |
_a Scattering theory _9714905 |
||
| 650 | _aPhysics | ||
| 942 |
_hCN1, P1;P9;3 Carpa _cTEXL _2CC |
||
| 999 |
_c1210771 _d1210771 |
||